000
00325nam a22001457a 4500
005
20170824032449.0
008
170824b xxu||||| |||| 00| 0 eng d
020
_a
9780387945262
041
_a
eng
080
_a
51
100
_a
38
101
_a
MAT
245
_a
GROUPS AND REPRESENTATIONS
_c
ALPERIN,J.L
942
_2
udc
_c
BK
999
_c
24739
_d
24739